000 00865nam0a22002651 4500
001 v19\rc\1393648
005 20260405071202.0
035 _a(NLR Aleph) 004525395
090 _a4909462
_c4909462
100 _a20060512d1869 |||y0rusy50 ca
101 0 _arus
102 _aRU
105 _aa b |||||
200 1 _aЖизнь и страдания святой великомученицы Екатерины
205 _a1-е изд.
210 _aСанкт-Петербург
_cВ. Шатаев
_d1869
215 _a36 с.
_cил.
_d18
702 0 _4570
_8rus
_7ca
_aЕкатерина Александрийская
_cсвятая
_f-ок.307
_3RU\NLR\AUTH\7717728
_9814
801 0 _aRU
_bNLR
_gpsbo
801 0 _aRU
_bRuMoRGB
_2psbo
801 1 _aRU
_bProSoft-M
_2rusmarc
852 _aNLR
_j18.125.6.170
899 _aRuMoRGB
_jU 419/1664
942 _cBOOK
980 _aNB